00482nam a2200193Ia 4500008004100000041001200041082001200053100002200065245002600087260003500113300000800148365000800156520002000164546001200184630002600196650002000222655002000242730002600262101110s9999 xx 000 0 und d aENGLISH bSR33171 aBhattacharya S.S. aZoology Vol. II SYBSC c2010bSheth publishres, Mumbai a336 b180 aBiology/Zoology aENGLISH aZoology Vol. II SYBSC aBiology/Zoology aBiology/Zoology aZoology Vol. II SYBSC